Composants d'un vélo - Statistiques

Statistiques générales
  • Ce quiz a été pris 1 197 fois
  • Le résultat moyen est 15 sur 23
Statistiques - réponses
Par images Réponse % Correct
Chaîne
98%
Pneu
98%
Pédale
97%
Selle
97%
Cadre
96%
Guidon
96%
Roue
94%
Fourche
87%
chambre à air
84%
Dérailleur
84%
Pédalier
78%
Poignées
69%
Cassette / pignons
66%
Potence
63%
Tige de selle
50%
Frein à patin (V-brake)
49%
Moyeu
47%
Levier de frein
45%
Rayons
41%
Shifter / Manette
32%
Catadioptre
21%
Collier de selle
18%
Pegs
15%
Aucun quiz correspondant
Distribution des résultats
% des personnes avec chaque résultat
Percentile par nombre de réponses
Votre historique - résultats
Vous n’avez pas pris ce quiz